Hóa đại cương
সংরক্ষণ করুন:
| প্রধান লেখক: | |
|---|---|
| বিন্যাস: | গ্রন্থ |
| ভাষা: | Undetermined |
| প্রকাশিত: |
Tp. HCM
Trường ĐH Bách Khoa
1989
|
| বিষয়গুলি: | |
| ট্যাগগুলো: |
ট্যাগ যুক্ত করুন
কোনো ট্যাগ নেই, প্রথমজন হিসাবে ট্যাগ করুন!
|
| Thư viện lưu trữ: | Trung tâm Học liệu Trường Đại học Cần Thơ |
|---|
| LEADER | 00512nam a2200193Ia 4500 | ||
|---|---|---|---|
| 001 | CTU_35957 | ||
| 008 | 210402s9999 xx 000 0 und d | ||
| 020 | |b 10.000đ | ||
| 082 | |a 540 | ||
| 082 | |b S401 | ||
| 100 | |a Nguyễn Đình Soa | ||
| 245 | 0 | |a Hóa đại cương | |
| 245 | 0 | |c Nguyễn Đình Soa | |
| 260 | |a Tp. HCM | ||
| 260 | |b Trường ĐH Bách Khoa | ||
| 260 | |c 1989 | ||
| 650 | |a chemistry | ||
| 904 | |i Minh, 000331 | ||
| 980 | |a Trung tâm Học liệu Trường Đại học Cần Thơ | ||